Qui est le réalisateur/acteur de ... ? - #1 - Statistiques

Statistiques générales
  • Ce quiz a été pris 173 fois
  • Le résultat moyen est 28 sur 30
Statistiques - réponses
Question Tuile Select % Correct
Qui est l'acteur principal de "The Mask" ? Leonardo DiCaprio Non
100%
Qui est l'acteur principal de "The Mask" ? Matt Pokora Non
100%
Qui est le réalisateur de "Neuilly Sa Mère !" ? Steven Spielberg Non
100%
Qui est l'acteur principal de "Indiana Jones : Les Aventuriers de l'Arche Perdue" ? Angela Basset Non
99%
Qui est le réalisateur de "Neuilly Sa Mère !" ? Barbie Non
99%
Qui est l'acteur principal de "The Mask" ? Margot Robbie Non
99%
Qui est l'acteur principal de "The Mask" ? Nathan Fillion Non
99%
Qui est l'acteur principal de "Indiana Jones : Les Aventuriers de l'Arche Perdue" ? Squeezie Non
99%
Qui est l'acteur principal de "Indiana Jones : Les Aventuriers de l'Arche Perdue" ? Will Smith Non
99%
Qui est le réalisateur de "Les Dents de la Mer" ? Chuck Russell Non
98%
Qui est le réalisateur de "Les Dents de la Mer" ? Dany Boon Non
98%
Qui est le réalisateur de "Interstellar" ? Elie Semoun Non
98%
Qui est l'acteur principal de "Indiana Jones : Les Aventuriers de l'Arche Perdue" ? Angelina Jolie Non
97%
Qui est l'acteur principal de "The Mask" ? Brad Pitt Non
97%
Qui est l'acteur principal de "The Mask" ? Jim Carrey Oui
97%
Qui est le réalisateur de "Les Dents de la Mer" ? John Carpenter Non
97%
Qui est le réalisateur de "Les Dents de la Mer" ? Martin Scorsese Non
97%
Qui est le réalisateur de "Les Dents de la Mer" ? Peter Jackson Non
97%
Qui est le réalisateur de "Interstellar" ? Valérie Lemercier Non
97%
Qui est l'acteur principal de "Indiana Jones : Les Aventuriers de l'Arche Perdue" ? Johnny Depp Non
95%
Qui est le réalisateur de "Interstellar" ? Peter Jackson Non
95%
Qui est le réalisateur de "Interstellar" ? Quentin Tarantino Non
95%
Qui est le réalisateur de "Interstellar" ? Wes Anderson Non
95%
Qui est l'acteur principal de "Indiana Jones : Les Aventuriers de l'Arche Perdue" ? Harrison Ford Oui
93%
Qui est le réalisateur de "Les Dents de la Mer" ? Steven Spielberg Oui
93%
Qui est le réalisateur de "Neuilly Sa Mère !" ? Dany Boon Non
91%
Qui est le réalisateur de "Interstellar" ? Cristopher Nolan Oui
89%
Qui est le réalisateur de "Neuilly Sa Mère !" ? Jamel Debbouze Non
88%
Qui est le réalisateur de "Neuilly Sa Mère !" ? Samy Seghir Non
56%
Qui est le réalisateur de "Neuilly Sa Mère !" ? Gabriel Julien-Laferrière Oui
36%
Aucun quiz correspondant
Distribution des résultats
% des personnes avec chaque résultat
Percentile par nombre de réponses
Votre historique - résultats
Vous n’avez pas pris ce quiz